000 00606nam a2200229Ia 4500
005 20260430150146.0
008 008 250103s9999 xx 000 0 eng d
037 _aTheses
040 _aCRL
040 _beng
040 _ceng
041 _2eng
041 _aeng
084 _qCRL
100 _aJain Surbhi Au.; Tomar Monika Gu.
_91236633
245 0 _aDevelopment of LR-SPR based handheld optical gaseous analytes
260 _c2021
300 _a6-4p.
700 _aUniversity of Delhi. Faculty of Science. Deptt. of Physics and Astrophysics
942 _cTH
999 _c1849095
_d1849095